[Event "Deutsche Ländermeisterschaft 2015"]
[Site "Hannover GER"]
[Date "2015.10.06"]
[Round "6"]
[White "Bilchinski, Anton"]
[Black "Baskin, Robert"]
[Result "0-1"]
[Termination "normal"]
[Board "1.1"]
[WhiteTitle "FM"]
[BlackTitle "FM"]
[WhiteElo "2271"]
[BlackElo "2329"]
[WhiteClock "00:02:19"]
[BlackClock "00:03:02"]
[WhiteTeam "Bayern"]
[BlackTeam "Hessen"]
[PlyCount "70"]
[WhiteFideId "24615765"]
[BlackFideId "24662402"]
[EventCountry "GER"]
[EventRounds "7"]
[EventType "team-swiss"]
[EventDate "2015.10.02"]

1. d4 Nf6 2. c4 e6 3. Nc3 Bb4 4. e3 O-O 5. Nge2 d5 6. a3 Bd6 7. cxd5 exd5 8. g3
c6 9. Bg2 Re8 10. O-O a5 11. f3 c5 12. f4 cxd4 13. Nxd4 Bc5 14. Qd3 b6 15. Rd1
Bb7 16. Nc2 Re7 17. Rb1 a4 18. Nb4 Bxb4 19. axb4 Rd7 20. b5 d4 21. exd4 Bxg2
22. Kxg2 Nd5 23. Ra1 Raa7 24. Be3 Rd6 25. Bf2 Nd7 26. Qf3 N7f6 27. Rxa4 Rxa4
28. Nxa4 h5 29. h3 h4 30. g4 Qa8 31. Rd3 Qxa4 32. Ra3 Qxb5 33. Ra8+ Ne8 34. f5
Qc6 35. Rxe8+ Qxe8 0-1

[Event "Deutsche Ländermeisterschaft 2015"]
[Site "Hannover GER"]
[Date "2015.10.06"]
[Round "6"]
[White "Keller, Peter"]
[Black "Gretz, Denis"]
[Result "0-1"]
[Termination "normal"]
[Board "1.2"]
[WhiteTitle "FM"]
[WhiteElo "2311"]
[BlackElo "2129"]
[WhiteClock "00:08:16"]
[BlackClock "00:24:17"]
[WhiteTeam "Hessen"]
[BlackTeam "Bayern"]
[PlyCount "68"]
[WhiteFideId "1272105"]
[BlackFideId "12945188"]
[EventCountry "GER"]
[EventRounds "7"]
[EventType "team-swiss"]
[EventDate "2015.10.02"]

1. e4 c5 2. Nf3 Nc6 3. d4 cxd4 4. Nxd4 Nf6 5. Nc3 e5 6. Ndb5 d6 7. Bg5 a6 8.
Na3 b5 9. Nd5 Be7 10. Bxf6 Bxf6 11. c4 b4 12. Nc2 O-O 13. g3 Bg5 14. h4 Bh6 15.
Bh3 Be6 16. Kf1 Qa5 17. Kg2 Qc5 18. b3 Ra7 19. Qd3 a5 20. Nde3 Bxe3 21. fxe3
Nb8 22. Rad1 Rd8 23. g4 Na6 24. Ne1 Qc6 25. Qc2 Nc5 26. Kf3 Rf8 27. Bg2 f5 28.
gxf5 Bxf5 29. Kg3 Bxe4 30. Rd2 Raf7 31. Rg1 d5 32. Qd1 Qh6 33. cxd5 Qxe3+ 34.
Kh2 Qf4+ 0-1

[Event "Deutsche Ländermeisterschaft 2015"]
[Site "Hannover GER"]
[Date "2015.10.06"]
[Round "6"]
[White "Hess, Max"]
[Black "Spitzl, Vinzent"]
[Result "1-0"]
[Termination "normal"]
[Board "1.3"]
[WhiteElo "2221"]
[BlackElo "2130"]
[WhiteClock "00:13:39"]
[BlackClock "00:06:04"]
[WhiteTeam "Bayern"]
[BlackTeam "Hessen"]
[PlyCount "117"]
[WhiteFideId "24656666"]
[BlackFideId "12901253"]
[EventCountry "GER"]
[EventRounds "7"]
[EventType "team-swiss"]
[EventDate "2015.10.02"]

1. Nf3 Nf6 2. g3 d5 3. Bg2 e6 4. O-O Be7 5. d3 b6 6. Nbd2 Bb7 7. b3 O-O 8. Bb2
c5 9. e3 Nc6 10. a3 Qc7 11. c4 dxc4 12. Nxc4 b5 13. Nce5 Nxe5 14. Bxe5 Qb6 15.
Bb2 Rfd8 16. Qc2 Rac8 17. Rac1 Nd7 18. Rfd1 Bf6 19. Bxf6 Nxf6 20. Qb2 h6 21.
Ne5 Bxg2 22. Kxg2 Nd7 23. Kg1 Nxe5 24. Qxe5 Qd6 25. Qxd6 Rxd6 26. Rc3 a6 27. b4
Rdc6 28. Rdc1 c4 29. dxc4 bxc4 30. Kg2 Kf8 31. Rd1 Ke7 32. Rd4 e5 33. Rd5 Ke6
34. e4 Rd6 35. Rxd6+ Kxd6 36. Kf3 a5 37. Ke3 axb4 38. axb4 Rc6 39. Kd2 Kc7 40.
Rc2 Rd6+ 41. Kc3 Rd4 42. Ra2 Kb7 43. f3 Rd3+ 44. Kxc4 Rxf3 45. Kd5 Rb3 46. Kxe5
Rxb4 47. Rf2 f6+ 48. Kf5 Rb5+ 49. Kg6 Rg5+ 50. Kf7 Kc7 51. Rf5 Rg4 52. e5 fxe5
53. Rxe5 Kd7 54. Re6 h5 55. Rg6 Rb4 56. h4 Rb3 57. Kxg7 Ke7 58. Kh6 Rb5 59. Rg5
1-0

[Event "Deutsche Ländermeisterschaft 2015"]
[Site "Hannover GER"]
[Date "2015.10.06"]
[Round "6"]
[White "Weber, Samuel"]
[Black "Tong, Kevin"]
[Result "1/2-1/2"]
[Termination "normal"]
[Board "1.4"]
[WhiteElo "1936"]
[BlackElo "2021"]
[WhiteClock "00:17:54"]
[BlackClock "00:19:18"]
[WhiteTeam "Hessen"]
[BlackTeam "Bayern"]
[PlyCount "90"]
[WhiteFideId "12924008"]
[BlackFideId "12913944"]
[EventCountry "GER"]
[EventRounds "7"]
[EventType "team-swiss"]
[EventDate "2015.10.02"]

1. e4 c5 2. c3 d5 3. exd5 Qxd5 4. d4 Nc6 5. Be3 cxd4 6. cxd4 Nf6 7. Nc3 Qa5 8.
Bc4 e6 9. a3 a6 10. Nge2 Be7 11. O-O O-O 12. b4 Qc7 13. Bb3 Rd8 14. Rc1 Qd7 15.
f3 b5 16. Qc2 Bb7 17. Rfd1 Rac8 18. Qa2 Qe8 19. d5 exd5 20. Bb6 Rd7 21. Nxd5
Nxd5 22. Bxd5 Bf6 23. Be4 Ne5 24. Bf5 Rxc1 25. Rxc1 Re7 26. Bc5 Rc7 27. Ng3 Nd7
28. Qd2 Nxc5 29. bxc5 Qe7 30. Re1 Qxc5+ 31. Kh1 Qf8 32. Qd3 Re7 33. Bxh7+ Kh8
34. Be4 Bxe4 35. Nxe4 Qc8 36. Qd5 g6 37. Rd1 Bg7 38. Ng5 Kg8 39. Qd6 Qe8 40.
Ne4 Re6 41. Qc7 Qf8 42. Qc1 Qe8 43. Qg5 Qf8 44. Qc1 Qe8 45. Qg5 Qf8 1/2-1/2

[Event "Deutsche Ländermeisterschaft 2015"]
[Site "Hannover GER"]
[Date "2015.10.06"]
[Round "6"]
[White "Schneider, Jana"]
[Black "Stork, Oliver"]
[Result "1-0"]
[Termination "normal"]
[Board "1.5"]
[WhiteElo "2024"]
[BlackElo "1977"]
[WhiteClock "00:08:00"]
[BlackClock "00:00:46"]
[WhiteTeam "Bayern"]
[BlackTeam "Hessen"]
[PlyCount "81"]
[WhiteFideId "12924997"]
[BlackFideId "12955728"]
[EventCountry "GER"]
[EventRounds "7"]
[EventType "team-swiss"]
[EventDate "2015.10.02"]

1. e4 c6 2. Nc3 d5 3. Nf3 Nf6 4. e5 Ne4 5. Ne2 Qb6 6. d4 e6 7. Ng3 c5 8. Bd3
Nxg3 9. fxg3 Nc6 10. O-O cxd4 11. Qe2 h6 12. a3 a5 13. b3 Bc5 14. Bf4 Bd7 15.
Kh1 Ke7 16. Qd2 Na7 17. g4 h5 18. Bg5+ Kf8 19. Nh4 Kg8 20. Qf4 Be8 21. Rf3 Nc6
22. Bf6 Bf8 23. Rg3 Ne7 24. gxh5 Rxh5 25. Qg4 Rxh4 26. Qxh4 Ng6 27. Bxg6 fxg6
28. Bg5 Bb5 29. Rh3 Qc5 30. Qh7+ Kf7 31. Rf3+ Ke8 32. Qxg6+ Kd7 33. Rf7+ Kc8
34. Qxe6+ Kb8 35. Qf5 Ka7 36. a4 Be2 37. Qd7 Rb8 38. Qc7 Qb4 39. Rd7 Bg4 40.
Rxd5 Rc8 41. Rxa5+ 1-0

[Event "Deutsche Ländermeisterschaft 2015"]
[Site "Hannover GER"]
[Date "2015.10.06"]
[Round "6"]
[White "Poetsch, Leonore"]
[Black "Siegl, Melina"]
[Result "0-1"]
[Termination "normal"]
[Board "1.6"]
[WhiteElo "1860"]
[BlackElo "1926"]
[WhiteClock "00:39:53"]
[BlackClock "00:02:04"]
[WhiteTeam "Hessen"]
[BlackTeam "Bayern"]
[PlyCount "86"]
[WhiteFideId "12940372"]
[BlackFideId "1272126"]
[EventCountry "GER"]
[EventRounds "7"]
[EventType "team-swiss"]
[EventDate "2015.10.02"]

1. Nf3 g6 2. e4 Bg7 3. d4 d6 4. c4 Nd7 5. Nc3 e5 6. d5 Ne7 7. Be3 f5 8. g3 Nf6
9. Bg2 a6 10. b4 O-O 11. Qd2 fxe4 12. Ng5 Ng4 13. O-O Nxe3 14. fxe3 Nf5 15.
Ngxe4 a5 16. a3 axb4 17. axb4 Rxa1 18. Rxa1 Bh6 19. Nd1 Nd4 20. Qb2 Nf3+ 21.
Kh1 Bd7 22. Ra3 Ne1 23. Ndf2 Bf5 24. Qe2 Nxg2 25. Kxg2 Qd7 26. g4 Bxe4+ 27.
Nxe4 Qf7 28. g5 Bg7 29. Ng3 Qe7 30. Ra7 Qxg5 31. Rxb7 h5 32. Rxc7 h4 33. c5
hxg3 34. hxg3 e4 35. Rd7 Be5 36. g4 Rf3 37. Qxf3 exf3+ 38. Kxf3 Qf6+ 39. Ke2
Qh4 40. c6 Qxg4+ 41. Kd3 Qxb4 42. Rd8+ Kf7 43. c7 Qc3+ 0-1

[Event "Deutsche Ländermeisterschaft 2015"]
[Site "Hannover GER"]
[Date "2015.10.06"]
[Round "6"]
[White "Weller, Uli"]
[Black "Reinecke, Katharina"]
[Result "1/2-1/2"]
[Termination "normal"]
[Board "1.7"]
[WhiteElo "1921"]
[BlackElo "1765"]
[WhiteClock "00:46:05"]
[BlackClock "00:26:52"]
[WhiteTeam "Bayern"]
[BlackTeam "Hessen"]
[PlyCount "85"]
[WhiteFideId "12971782"]
[BlackFideId "12929727"]
[EventCountry "GER"]
[EventRounds "7"]
[EventType "team-swiss"]
[EventDate "2015.10.02"]

1. e4 c6 2. d4 d5 3. Nc3 dxe4 4. Nxe4 Bf5 5. Ng3 Bg6 6. Nf3 Nd7 7. Bd3 e6 8.
O-O Ngf6 9. Re1 Be7 10. c4 O-O 11. Bxg6 hxg6 12. Qe2 Qc7 13. a3 Rfd8 14. b3 a6
15. Bb2 Bf8 16. Ng5 Re8 17. Qf3 Rad8 18. N3e4 b5 19. Qh3 Qf4 20. f3 Qf5 21. g4
Qf4 22. d5 Bc5+ 23. Nxc5 Nxc5 24. Bxf6 Qxf6 25. Qh7+ Kf8 26. dxe6 Nxe6 27.
Nxe6+ Rxe6 28. Rad1 Rxd1 29. Rxd1 Rd6 30. Rxd6 Qxd6 31. Qh8+ Ke7 32. Qxg7 Qd1+
33. Kg2 Qxb3 34. Qe5+ Kf8 35. cxb5 cxb5 36. h4 Qxa3 37. h5 gxh5 38. gxh5 Qa2+
39. Kg3 Qe6 40. Qd4 Qh6 41. Kh4 Ke7 42. Qa7+ Kf8 43. Qd4 1/2-1/2

[Event "Deutsche Ländermeisterschaft 2015"]
[Site "Hannover GER"]
[Date "2015.10.06"]
[Round "6"]
[White "Ruppert, Paula"]
[Black "Khamenya, Vitalia"]
[Result "0-1"]
[Termination "normal"]
[Board "1.8"]
[WhiteElo "1427"]
[BlackElo "1565"]
[WhiteClock "00:05:26"]
[BlackClock "00:15:08"]
[WhiteTeam "Hessen"]
[BlackTeam "Bayern"]
[PlyCount "64"]
[WhiteFideId "12979996"]
[BlackFideId "12959260"]
[EventCountry "GER"]
[EventRounds "7"]
[EventType "team-swiss"]
[EventDate "2015.10.02"]

1. e4 g6 2. d4 Bg7 3. Nf3 d6 4. Nc3 a6 5. Bc4 h6 6. Bb3 Nd7 7. Be3 e6 8. Qd2
Ne7 9. O-O-O b5 10. h4 Nb6 11. d5 e5 12. Ne1 Bd7 13. f4 a5 14. Bxb6 cxb6 15. a4
bxa4 16. Bxa4 Bxa4 17. Nxa4 b5 18. Nc3 Qd7 19. h5 b4 20. Nb1 Qb7 21. hxg6 fxg6
22. Nf3 exf4 23. Qxf4 Qc7 24. Nd4 Be5 25. Qf2 a4 26. Ne6 Qc4 27. Rhf1 a3 28.
bxa3 bxa3 29. Qf8+ Kd7 30. Nxa3 Rxa3 31. Qf2 Qc3 32. Qb6 Ra1+ 0-1

[Event "Deutsche Ländermeisterschaft 2015"]
[Site "Hannover GER"]
[Date "2015.10.06"]
[Round "6"]
[White "Richter, Leonard"]
[Black "Powierski, Emil"]
[Result "1/2-1/2"]
[Termination "normal"]
[Board "2.1"]
[WhiteElo "2281"]
[BlackElo "2278"]
[WhiteClock "00:03:39"]
[BlackClock "00:07:42"]
[WhiteTeam "Sachsen"]
[BlackTeam "Schleswig-Holstein"]
[PlyCount "113"]
[WhiteFideId "12900290"]
[BlackFideId "4656199"]
[EventCountry "GER"]
[EventRounds "7"]
[EventType "team-swiss"]
[EventDate "2015.10.02"]

1. e4 c5 2. Nf3 d6 3. d4 cxd4 4. Nxd4 Nf6 5. Nc3 a6 6. Bg5 Nbd7 7. Bc4 Qb6 8.
Qd2 Qxb2 9. Rb1 Qa3 10. O-O Qa5 11. Nd5 Qxd2 12. Bxd2 Nxd5 13. Bxd5 Rb8 14. Nc6
bxc6 15. Bxc6 Rb5 16. Bxb5 axb5 17. Rxb5 e6 18. Rfb1 Be7 19. Ra5 O-O 20. Bb4 f6
21. Rd1 Nc5 22. Ra7 Re8 23. Bxc5 dxc5 24. Rxe7 Rxe7 25. Rd8+ Kf7 26. Rxc8 Ra7
27. Rxc5 Rxa2 28. Rc7+ Kg6 29. g3 Ra1+ 30. Kg2 Re1 31. Kf3 f5 32. exf5+ exf5
33. c4 h6 34. c5 Kf6 35. h4 Rc1 36. Ke3 g5 37. Rc6+ Ke5 38. f4+ gxf4+ 39. gxf4+
Kd5 40. Rf6 Kxc5 41. Rxf5+ Kd6 42. Rh5 Ke6 43. Rxh6+ Kf5 44. Rh5+ Kf6 45. Rh8
Kg7 46. Ra8 Rh1 47. Ke4 Rxh4 48. Ke5 Kf7 49. Ra7+ Kf8 50. Ra6 Kf7 51. f5 Rb4
52. Ra7+ Kf8 53. Rd7 Rb6 54. f6 Rb1 55. Rd5 Kf7 56. Rd7+ Kf8 57. Rd5 1/2-1/2

[Event "Deutsche Ländermeisterschaft 2015"]
[Site "Hannover GER"]
[Date "2015.10.06"]
[Round "6"]
[White "Krause, Benedict"]
[Black "Urban, Konstantin"]
[Result "1/2-1/2"]
[Termination "normal"]
[Board "2.2"]
[WhiteTitle "FM"]
[WhiteElo "2289"]
[BlackElo "2182"]
[WhiteClock "00:05:09"]
[BlackClock "00:13:55"]
[WhiteTeam "Schleswig-Holstein"]
[BlackTeam "Sachsen"]
[PlyCount "101"]
[WhiteFideId "12917990"]
[BlackFideId "12927511"]
[EventCountry "GER"]
[EventRounds "7"]
[EventType "team-swiss"]
[EventDate "2015.10.02"]

1. e4 c5 2. Nf3 d6 3. d4 cxd4 4. Nxd4 Nf6 5. Nc3 a6 6. Bg5 Nbd7 7. Qe2 Qc7 8.
O-O-O e6 9. f4 Be7 10. g4 b5 11. a3 Bb7 12. Bh4 Nb6 13. g5 Nfd7 14. Rg1 O-O-O
15. f5 e5 16. Nb3 d5 17. Nxd5 Nxd5 18. exd5 Nc5 19. Nxc5 Bxc5 20. Bf2 Rxd5 21.
Bg2 Rxd1+ 22. Rxd1 Bxf2 23. Qxf2 Rd8 24. Rxd8+ Kxd8 25. f6 g6 26. Qd2+ Kc8 27.
Bxb7+ Kxb7 28. Qd5+ Kb6 29. b3 a5 30. Kb2 b4 31. a4 Ka7 32. Qb5 Qc3+ 33. Kb1
Qc7 34. h4 Ka8 35. Qe8+ Kb7 36. Qb5+ Ka7 37. Kb2 Qc3+ 38. Kb1 Qc7 39. Qd5 Kb6
40. Kc1 Ka7 41. Qb5 Ka8 42. Qe8+ Kb7 43. Kd1 Kb6 44. Qb5+ Ka7 45. Qd3 Kb6 46.
Ke2 Qc6 47. Ke3 Kc7 48. Qc4 Kd6 49. Qxf7 Qc3+ 50. Ke2 Qxc2+ 51. Ke3 1/2-1/2

[Event "Deutsche Ländermeisterschaft 2015"]
[Site "Hannover GER"]
[Date "2015.10.06"]
[Round "6"]
[White "Herbrig, Alexander"]
[Black "Kololli, Martin"]
[Result "1-0"]
[Termination "normal"]
[Board "2.3"]
[WhiteElo "2017"]
[BlackElo "2158"]
[WhiteClock "00:03:57"]
[BlackClock "00:01:44"]
[WhiteTeam "Sachsen"]
[BlackTeam "Schleswig-Holstein"]
[PlyCount "77"]
[WhiteFideId "12952044"]
[BlackFideId "12936910"]
[EventCountry "GER"]
[EventRounds "7"]
[EventType "team-swiss"]
[EventDate "2015.10.02"]

1. e4 e5 2. Nf3 Nc6 3. Bb5 a6 4. Ba4 Nf6 5. O-O Be7 6. Re1 b5 7. Bb3 d6 8. c3
O-O 9. h3 Nb8 10. d4 Nbd7 11. Nbd2 Bb7 12. Bc2 Re8 13. b3 Bf8 14. Bb2 c6 15. a4
Qc7 16. Bd3 Rad8 17. Qc2 g6 18. axb5 axb5 19. c4 Qb6 20. b4 Nh5 21. c5 Qc7 22.
cxd6 Bxd6 23. Qb3 Nf4 24. Bf1 Ne6 25. Rec1 exd4 26. Nxd4 Bf4 27. Rd1 Ng5 28.
Qc2 Nb6 29. h4 Bxd2 30. Qxd2 Nxe4 31. Qh6 f6 32. h5 Qg7 33. Qxg7+ Kxg7 34. Ne6+
Rxe6 35. Rxd8 Re7 36. Ra7 Kf7 37. Bd3 Ng5 38. Rb8 Na4 39. Rbxb7 1-0

[Event "Deutsche Ländermeisterschaft 2015"]
[Site "Hannover GER"]
[Date "2015.10.06"]
[Round "6"]
[White "Rieß, Alexander"]
[Black "Hofmann, Rares"]
[Result "1-0"]
[Termination "normal"]
[Board "2.4"]
[WhiteElo "2252"]
[BlackElo "2022"]
[WhiteClock "00:15:26"]
[BlackClock "00:00:42"]
[WhiteTeam "Schleswig-Holstein"]
[BlackTeam "Sachsen"]
[PlyCount "79"]
[WhiteFideId "12953326"]
[BlackFideId "12976440"]
[EventCountry "GER"]
[EventRounds "7"]
[EventType "team-swiss"]
[EventDate "2015.10.02"]

1. d4 Nf6 2. c4 e6 3. Nc3 Bb4 4. Qc2 d5 5. cxd5 exd5 6. Bg5 h6 7. Bh4 c5 8.
dxc5 g5 9. Bg3 Ne4 10. e3 Qa5 11. Rc1 Nc6 12. Bd3 Bf5 13. Nge2 Bxc3+ 14. bxc3
Nxg3 15. hxg3 Bxd3 16. Qxd3 O-O-O 17. O-O Qxc5 18. Qf5+ Rd7 19. c4 Rhd8 20.
Rfd1 Kb8 21. cxd5 Qa5 22. e4 Qxa2 23. Nc3 Qb3 24. Rf1 Nb4 25. Qe5+ Ka8 26. Ra1
Qc4 27. Na4 Na6 28. Rfc1 Qb5 29. Qd4 Qb3 30. Rab1 Qa3 31. Rc3 Qd6 32. Rbc1 Kb8
33. Nb2 Nc7 34. Rb3 Ne6 35. Qe3 Nc7 36. Nc4 Qf6 37. Na5 Ka8 38. Nxb7 Rb8 39.
Nc5 Rxb3 40. Qxb3 1-0

[Event "Deutsche Ländermeisterschaft 2015"]
[Site "Hannover GER"]
[Date "2015.10.06"]
[Round "6"]
[White "Moses, Selina"]
[Black "Kopylov, Daniel"]
[Result "0-1"]
[Termination "normal"]
[Board "2.5"]
[WhiteElo "1926"]
[BlackElo "1931"]
[WhiteClock "00:04:52"]
[BlackClock "00:15:34"]
[WhiteTeam "Sachsen"]
[BlackTeam "Schleswig-Holstein"]
[PlyCount "62"]
[WhiteFideId "12908070"]
[BlackFideId "12921971"]
[EventCountry "GER"]
[EventRounds "7"]
[EventType "team-swiss"]
[EventDate "2015.10.02"]

1. e4 e6 2. d4 d5 3. Nd2 dxe4 4. Nxe4 Nd7 5. Nf3 Ngf6 6. Bd3 c5 7. dxc5 Nxc5 8.
Nxc5 Bxc5 9. Qe2 O-O 10. Bd2 Qb6 11. Bc3 Nd5 12. O-O Nxc3 13. bxc3 Be7 14. Ne5
Bf6 15. Kh1 Qc5 16. f4 Qxc3 17. Rab1 g6 18. Rf3 Qc7 19. Rh3 b6 20. Qe1 Bb7 21.
Qg3 Rfd8 22. Rh6 Bg7 23. Rh4 Qe7 24. Qh3 Bxe5 25. fxe5 Qg5 26. Rf1 Bxg2+ 27.
Qxg2 Qxh4 28. Qb7 Rf8 29. Be4 Rab8 30. Qc6 Rfc8 31. Qa4 b5 0-1

[Event "Deutsche Ländermeisterschaft 2015"]
[Site "Hannover GER"]
[Date "2015.10.06"]
[Round "6"]
[White "Köhler, Inken"]
[Black "Simon, Tessa"]
[Result "0-1"]
[Termination "normal"]
[Board "2.6"]
[WhiteElo "1728"]
[BlackElo "1838"]
[WhiteClock "00:08:05"]
[BlackClock "00:06:31"]
[WhiteTeam "Schleswig-Holstein"]
[BlackTeam "Sachsen"]
[PlyCount "78"]
[WhiteFideId "12929301"]
[BlackFideId "12929395"]
[EventCountry "GER"]
[EventRounds "7"]
[EventType "team-swiss"]
[EventDate "2015.10.02"]

1. e4 c5 2. d4 cxd4 3. c3 Nf6 4. e5 Nd5 5. Nf3 Nc6 6. cxd4 d6 7. Bc4 Nb6 8. Bb5
dxe5 9. Nxe5 Bd7 10. Bxc6 Bxc6 11. Nxc6 bxc6 12. O-O e6 13. Bf4 Bd6 14. Bxd6
Qxd6 15. Qf3 O-O 16. Nc3 Nc4 17. Qe2 Qb4 18. Rab1 Rfd8 19. Rfd1 Rab8 20. Qc2
Nd6 21. Ne4 Nxe4 22. Qxe4 c5 23. Rd3 Rxd4 24. Rxd4 cxd4 25. b3 Qd2 26. a4 h6
27. g3 d3 28. Qf3 Qc2 29. Rd1 Rxb3 30. Qa8+ Kh7 31. Qe4+ f5 32. Qe1 Rb2 33. Kg2
Qc6+ 34. Kg1 Qf3 35. Qf1 Re2 36. a5 a6 37. Rb1 d2 38. Ra1 Qe4 39. Rd1 Re1 0-1

[Event "Deutsche Ländermeisterschaft 2015"]
[Site "Hannover GER"]
[Date "2015.10.06"]
[Round "6"]
[White "Nguyen, Alex Dac-Vuong"]
[Black "Caliebe, Nanke"]
[Result "1-0"]
[Termination "normal"]
[Board "2.7"]
[WhiteElo "1824"]
[BlackElo "1527"]
[WhiteClock "01:19:05"]
[BlackClock "00:35:02"]
[WhiteTeam "Sachsen"]
[BlackTeam "Schleswig-Holstein"]
[PlyCount "47"]
[WhiteFideId "12984388"]
[BlackFideId "12980528"]
[EventCountry "GER"]
[EventRounds "7"]
[EventType "team-swiss"]
[EventDate "2015.10.02"]

1. e4 c5 2. Nf3 e6 3. d4 cxd4 4. Nxd4 a6 5. Bd3 Nc6 6. Nxc6 bxc6 7. O-O Nf6 8.
e5 Nd5 9. c4 Nb6 10. Nc3 Bc5 11. Qg4 g6 12. Ne4 Be7 13. Bh6 f5 14. exf6 Bxf6
15. Nd6+ Ke7 16. Ne4 Ke8 17. Be3 Rb8 18. Nxf6+ Qxf6 19. Bd4 e5 20. Bxe5 Qxe5
21. Rfe1 Qxe1+ 22. Rxe1+ Kf7 23. Qf4+ Kg8 24. Re7 1-0

[Event "Deutsche Ländermeisterschaft 2015"]
[Site "Hannover GER"]
[Date "2015.10.06"]
[Round "6"]
[White "Heinemann, Josefine"]
[Black "Carow, Johannes"]
[Result "0-1"]
[Termination "normal"]
[Board "3.1"]
[BlackTitle "FM"]
[WhiteElo "2244"]
[BlackElo "2430"]
[WhiteClock "00:10:14"]
[BlackClock "00:06:03"]
[WhiteTeam "Sachsen-Anhalt"]
[BlackTeam "Rheinland-Pfalz"]
[PlyCount "124"]
[WhiteFideId "12900460"]
[BlackFideId "24692050"]
[EventCountry "GER"]
[EventRounds "7"]
[EventType "team-swiss"]
[EventDate "2015.10.02"]

1. e4 c5 2. Nf3 Nc6 3. d4 cxd4 4. Nxd4 Qb6 5. Nb3 Nf6 6. Nc3 e6 7. Bd3 a6 8.
O-O Qc7 9. Be3 d6 10. f4 b5 11. Qf3 Bb7 12. Rae1 Be7 13. Qh3 g6 14. Kh1 h5 15.
Nd4 Nb4 16. a3 Nxd3 17. cxd3 Qd7 18. Nb3 Ng4 19. Na5 Bf6 20. Nxb7 Qxb7 21. Qf3
Rc8 22. Bd2 Bd4 23. Nd1 Rc2 24. Bc3 Bxc3 25. bxc3 O-O 26. h3 Nf6 27. Qg3 Re8
28. f5 exf5 29. Ne3 Rxc3 30. Nxf5 Rxe4 31. Nxd6 Rxe1 32. Qxe1 Qc7 33. Qe5 Rc1
34. Rxc1 Qxc1+ 35. Kh2 Qf1 36. Qe7 Qf4+ 37. Kh1 Qf1+ 38. Kh2 Qf4+ 39. Kh1 Nd5
40. Qd8+ Kh7 41. Ne4 Ne3 42. Ng5+ Kg7 43. Nf3 Qf6 44. Qe8 Qa1+ 45. Kh2 Nf1+ 46.
Kg1 Nd2+ 47. Kh2 Nxf3+ 48. gxf3 Qxa3 49. Qe5+ Kh7 50. Qd5 Qb2+ 51. Kg1 Kg7 52.
d4 b4 53. Qe5+ Kh7 54. Qf4 Qb1+ 55. Kg2 Qa2+ 56. Kg3 Qd5 57. Qc7 b3 58. Qb6
Qg5+ 59. Kf2 Qd2+ 60. Kg3 h4+ 61. Kg4 f5+ 62. Kxh4 Qf4# 0-1

[Event "Deutsche Ländermeisterschaft 2015"]
[Site "Hannover GER"]
[Date "2015.10.06"]
[Round "6"]
[White "Keymer, Vincent"]
[Black "Sieber, Fiona"]
[Result "1/2-1/2"]
[Termination "normal"]
[Board "3.2"]
[BlackTitle "WFM"]
[WhiteElo "2356"]
[BlackElo "2167"]
[WhiteClock "00:08:13"]
[BlackClock "00:01:33"]
[WhiteTeam "Rheinland-Pfalz"]
[BlackTeam "Sachsen-Anhalt"]
[PlyCount "141"]
[WhiteFideId "12940690"]
[BlackFideId "12902373"]
[EventCountry "GER"]
[EventRounds "7"]
[EventType "team-swiss"]
[EventDate "2015.10.02"]

1. d4 Nf6 2. Nf3 g6 3. c4 Bg7 4. g3 d5 5. cxd5 Nxd5 6. Bg2 Nb6 7. Nc3 Nc6 8. e3
O-O 9. O-O Re8 10. a3 e5 11. d5 Na5 12. e4 c6 13. Nd2 cxd5 14. exd5 Nac4 15.
Qb3 Nd6 16. Nde4 Nbc4 17. Bg5 f6 18. Nxd6 Nxd6 19. Be3 b6 20. Rac1 Ba6 21. Rfd1
f5 22. Qa4 Bc4 23. Qc2 Rc8 24. b3 Ba6 25. Qd2 Qd7 26. Na2 Rxc1 27. Rxc1 Rc8 28.
Nb4 Rxc1+ 29. Qxc1 Bb7 30. Nc6 Nb5 31. Qc4 Nxa3 32. Qa4 Nc2 33. Bg5 Kh8 34.
Nxa7 b5 35. Qxb5 Qxb5 36. Nxb5 e4 37. d6 Bc6 38. Na7 Bd7 39. Bf1 Nd4 40. Be7
Nxb3 41. Bd8 Nd4 42. Ba6 Kg8 43. Nc8 Ne6 44. Bc7 Nc5 45. Bc4+ Kf8 46. Nb6 Ke8
47. h4 Bc6 48. Bg8 h5 49. Nd5 Nd7 50. Ne7 Ne5 51. Bh7 Bd7 52. Bxg6+ Nxg6 53.
Nxg6 Be6 54. Nf4 Bf7 55. Kf1 Kd7 56. Ke2 Be5 57. Ke3 Kc6 58. Ne2 Kd5 59. Bb8
Ke6 60. d7 Bf6 61. Nd4+ Bxd4+ 62. Kxd4 Kxd7 63. Ke5 Be6 64. Bd6 f4 65. gxf4 Bg4
66. Ba3 Ke8 67. Kxe4 Kf7 68. f5 Bd1 69. Bb2 Be2 70. Kf4 Bd1 71. Bc3 1/2-1/2

[Event "Deutsche Ländermeisterschaft 2015"]
[Site "Hannover GER"]
[Date "2015.10.06"]
[Round "6"]
[White "Kitze, Alexander"]
[Black "Wilhelm, Till"]
[Result "0-1"]
[Termination "normal"]
[Board "3.3"]
[WhiteElo "2172"]
[BlackElo "2209"]
[WhiteClock "00:02:12"]
[BlackClock "00:07:16"]
[WhiteTeam "Sachsen-Anhalt"]
[BlackTeam "Rheinland-Pfalz"]
[PlyCount "86"]
[WhiteFideId "12914827"]
[BlackFideId "12942391"]
[EventCountry "GER"]
[EventRounds "7"]
[EventType "team-swiss"]
[EventDate "2015.10.02"]

1. e4 e5 2. Nf3 Nc6 3. Bb5 a6 4. Ba4 Nf6 5. O-O Be7 6. Re1 b5 7. Bb3 d6 8. c3
O-O 9. h3 Na5 10. Bc2 c5 11. d4 Qc7 12. Nbd2 Rd8 13. b3 Bd7 14. Bb2 Rdc8 15.
Rc1 c4 16. b4 Nb7 17. d5 a5 18. a3 Nd8 19. Nf1 Ne8 20. g4 h5 21. N3h2 Bg5 22.
Rb1 hxg4 23. hxg4 f6 24. Kg2 Nf7 25. Bc1 Nh8 26. Ng3 Ng6 27. Nh5 axb4 28. axb4
Ra2 29. Nf1 Nh4+ 30. Kg3 Qa7 31. Bxg5 fxg5 32. Qc1 Nf6 33. Qxg5 Nxh5+ 34. Qxh5
Rxc2 35. Ne3 Rf8 36. Qxh4 Rcxf2 37. Qh1 Qa2 38. Nf5 Bxf5 39. gxf5 Qd2 40. Rf1
Qf4+ 41. Kh3 Rf6 42. Rxf2 Rh6+ 43. Kg2 Qg4+ 0-1

[Event "Deutsche Ländermeisterschaft 2015"]
[Site "Hannover GER"]
[Date "2015.10.06"]
[Round "6"]
[White "Muckle, Julius"]
[Black "Roseneck, Jonas"]
[Result "1/2-1/2"]
[Termination "normal"]
[Board "3.4"]
[WhiteElo "2101"]
[BlackElo "2074"]
[WhiteClock "00:32:02"]
[BlackClock "00:27:36"]
[WhiteTeam "Rheinland-Pfalz"]
[BlackTeam "Sachsen-Anhalt"]
[PlyCount "99"]
[WhiteFideId "12942430"]
[BlackFideId "12939870"]
[EventCountry "GER"]
[EventRounds "7"]
[EventType "team-swiss"]
[EventDate "2015.10.02"]

1. d4 Nf6 2. c4 g6 3. Nc3 Bg7 4. e4 d6 5. f3 O-O 6. Be3 Nc6 7. Nge2 a6 8. Qd2
Na5 9. Nc1 Nd7 10. b4 Nc6 11. Rb1 e5 12. d5 Nd4 13. N1e2 Nxe2 14. Bxe2 f5 15.
O-O f4 16. Bf2 g5 17. c5 Rf6 18. Rfc1 Rh6 19. cxd6 cxd6 20. b5 Qe8 21. bxa6
bxa6 22. h3 Qh5 23. Kf1 Nf6 24. Ke1 Qe8 25. Qd1 Bf8 26. Na4 g4 27. Nb6 Rb8 28.
Nxc8 Rxc8 29. Rxc8 Qxc8 30. Qc1 Qd8 31. Bb6 Qe8 32. Bf1 gxh3 33. gxh3 Qa4 34.
Qc4 Qxc4 35. Bxc4 Rxh3 36. Ke2 Rh2+ 37. Bf2 Nh5 38. Rg1+ Kf7 39. Kf1 a5 40. Rg2
Ng3+ 41. Bxg3 Rxg2 42. Kxg2 fxg3 43. Kxg3 Bh6 44. Kg4 Be3 45. Bb5 Kf6 46. a4
Bd2 47. Kh5 h6 48. Be8 Ke7 49. Bb5 Kd8 50. Kg6 1/2-1/2